|
|
|
|
| LEADER |
00000nam2a2200000 4500 |
| 001 |
19818 |
| 005 |
20241001141518.0 |
| 010 |
|
|
|a 5201132200
|
| 035 |
|
|
|a (RuTPU)RU\TPU\book\19987
|
| 035 |
|
|
|a BOOK00020057
|
| 090 |
|
|
|a 19818
|
| 100 |
|
|
|a 20011209d1994 k y0rusy50 ca
|
| 101 |
0 |
|
|a rus
|
| 102 |
|
|
|a RU
|
| 105 |
|
|
|a y z 000zy
|
| 200 |
0 |
|
|a Кн. 2
|
| 210 |
|
|
|d 1994
|
| 215 |
|
|
|a 515 с.
|
| 461 |
|
1 |
|0 (RuTPU)RU\TPU\book\66800
|t Культурное наследие Российской эмиграции 1917-1940 гг
|o В 2 кн.
|f Под ред. Е. П. Челышева
|v Кн. 2
|d 1994-
|
| 600 |
|
1 |
|a Дягилев
|g Сергей Павлович
|c российский театральный и художественный деятель
|f 1872-1929
|b С. П.
|2 stltpui
|3 (RuTPU)RU\TPU\pers\896
|
| 602 |
|
|
|a Рябушинские
|f 18-20 вв.
|c династия российских предпринимателей и банкиров
|9 46
|
| 606 |
1 |
|
|a Общественная мысль
|x Философия
|y Россия
|z 20 в.
|2 stltpush
|3 (RuTPU)RU\TPU\subj\46654
|9 65771
|
| 610 |
1 |
|
|a философия
|
| 610 |
1 |
|
|a русская философия
|
| 610 |
1 |
|
|a русское зарубежье
|
| 610 |
1 |
|
|a 20 век
|
| 610 |
1 |
|
|a история
|
| 610 |
1 |
|
|a русская литература
|
| 610 |
1 |
|
|a искусство
|
| 610 |
1 |
|
|a архивы
|
| 686 |
|
|
|a Ю3(2)7
|2 rubbk
|
| 801 |
|
0 |
|a RU
|b 63413507
|c 20011209
|g PSBO
|
| 801 |
|
2 |
|a RU
|b 63413507
|c 20150119
|g PSBO
|
| 942 |
|
|
|c BK
|